Toán bổ túc cho kỹ sư; T1

में बचाया:
ग्रंथसूची विवरण
मुख्य लेखक: H W Reddick
स्वरूप: पुस्तक
भाषा:Undetermined
प्रकाशित: Hà Nội KHKT 1971
विषय:
टैग : टैग जोड़ें
कोई टैग नहीं, इस रिकॉर्ड को टैग करने वाले पहले व्यक्ति बनें!
Thư viện lưu trữ: Trung tâm Học liệu Trường Đại học Cần Thơ
LEADER 00479nam a2200169Ia 4500
001 CTU_1274
008 210402s9999 xx 000 0 und d
082 |a 515 
082 |b R313/T1 
100 |a H W Reddick 
245 0 |a Toán bổ túc cho kỹ sư; T1 
245 0 |c H W Reddick; Dịch giả: Tạ Văn Vĩnh 
260 |a Hà Nội 
260 |b KHKT 
260 |c 1971 
650 |a mathematical analysis 
980 |a Trung tâm Học liệu Trường Đại học Cần Thơ